000 00535nam a22001697a 4500
005 20250401141151.0
008 250401b |||||||| |||| 00| 0 eng d
020 _a9781647268343
041 _aeng
082 _a338.4767 THO
100 _aThomson, Otto
245 _aEntrepreneuinrhip, Digitalization And Sustainability
260 _aNew York
_bClanrye International
_c2025
300 _a233;. pages: 23 cm
650 _aManufacturing Industries; Technological Innovations; Sustainable Development; Entrepreneurship
942 _cBK
999 _c43498
_d43498